Statystyki dla 15 najbardziej dotkniętych krajów Covid-19 - 2 lipca

Kliknij tutaj aby rozwiązać quiz!

Ogólne statystyki

  • Ten quiz został rozwiązany 19 razy
  • Średni wynik to 12 z 25

Statystyki odpowiedzi

kraj% Poprawnych
Rosja
89%
Stany Zjednoczone
89%
Włochy
89%
Indie
83%
Brazylia
78%
Niemcy
78%
Hiszpania
72%
Wielka Brytania
56%
Chile
50%
Chile
50%
Meksyk
50%
Peru
44%
Szwecja
44%
Turcja
44%
Pakistan
39%
Iran
33%
Katar
28%
Arabia Saudyjska
22%
Białoruś
22%
Kuwejt
22%
Singapur
22%
Bahrajn
17%
Oman
17%
Panama
17%
Armenia
6%

Rozkład punktacji

Percentyl według liczby udzielonych odpowiedzi

Procent ludzi z każdym wynikiem

Twoja historia wyników

Nie rozwiązałeś tego quizu